[Event "PRO League Group Stage"]
[Site "chess.com INT"]
[Date "2019.01.16"]
[Round "2"]
[White "Izoria, Zviad"]
[Black "Corrales Jimenez, Fidel"]
[Result "1/2-1/2"]
[WhiteTitle "GM"]
[BlackTitle "GM"]
[WhiteElo "2603"]
[BlackElo "2559"]
[WhiteTeam "San Jose Hackers"]
[BlackTeam "Minnesota Blizzard"]
[WhiteFideId "13601733"]
[BlackFideId "3506690"]
[EventDate "2019.01.08"]

1. Nf3 c5 2. c4 Nc6 3. Nc3 g6 4. g3 Bg7 5. Bg2 d6 6. O-O Bf5 7. a3 Nf6 8. d3 O-O
9. Rb1 Qd7 10. b4 Rac8 11. bxc5 dxc5 12. Bf4 b6 13. Ne5 Nxe5 14. Bxe5 Bh3 15.
Bxh3 Qxh3 16. Bxf6 Bxf6 17. Nd5 Qd7 18. a4 Bg7 19. Qb3 e6 20. Nc3 Bxc3 21. Qxc3
Qxa4 22. Rb5 Qa6 23. Ra1 Qb7 24. h4 h5 25. Rb2 Qe7 26. Ra6 Rc7 27. Rba2 Rd8 28.
Qe5 Rdd7 29. Qe4 Kg7 30. Kg2 Qf6 31. Qa8 Qe7 32. Qf3 Rb7 33. Kg1 Qf6 34. Qc6 g5
35. hxg5 Qxg5 36. Qe4 Rbc7 37. Kg2 Qg4 38. Qe3 h4 39. Ra1 hxg3 40. fxg3 Kf8 41.
Rh1 Ke7 42. Rh4 Qg6 43. Ra1 Rc8 44. Rf1 Rg8 45. Rf3 Kd8 46. Rh6 Qg5 47. Qe4 Qxh6
48. Qa8+ Ke7 49. Qxg8 Qg6 50. Qb8 Qg5 51. Kf2 f5 52. Rf4 1/2-1/2

[Event "PRO League Group Stage"]
[Site "chess.com INT"]
[Date "2019.01.16"]
[Round "2"]
[White "Mamedov, Rauf"]
[Black "Tang, Andrew"]
[Result "1-0"]
[WhiteTitle "GM"]
[BlackTitle "GM"]
[WhiteElo "2703"]
[BlackElo "2487"]
[WhiteTeam "San Jose Hackers"]
[BlackTeam "Minnesota Blizzard"]
[WhiteFideId "13401653"]
[BlackFideId "2059630"]
[EventDate "2019.01.08"]

1. e4 e5 2. Nc3 Nf6 3. g3 Bc5 4. Bg2 O-O 5. Nge2 Nc6 6. O-O a6 7. d3 d6 8. h3
Be6 9. Kh2 d5 10. f4 dxe4 11. f5 exd3 12. fxe6 dxe2 13. exf7+ Rxf7 14. Qxe2 Nd4
15. Qc4 Qf8 16. Ne4 Rd8 17. c3 Nc2 18. Rb1 Ne3 19. Bxe3 Bxe3 20. Rbe1 Nd5 21.
Ng5 b5 22. Rxf7 bxc4 23. Rxf8+ Kxf8 24. Ne6+ 1-0

[Event "PRO League Group Stage"]
[Site "chess.com INT"]
[Date "2019.01.16"]
[Round "2"]
[White "Beerdsen, Thomas"]
[Black "Ravuri, Vinesh"]
[Result "1/2-1/2"]
[WhiteTitle "IM"]
[WhiteElo "2484"]
[BlackElo "2042"]
[WhiteTeam "Minnesota Blizzard"]
[BlackTeam "San Jose Hackers"]
[WhiteFideId "1030108"]
[BlackFideId "45042632"]
[EventDate "2019.01.08"]

1. e4 e5 2. Nf3 Nc6 3. d4 exd4 4. Nxd4 Nf6 5. Nxc6 bxc6 6. e5 Qe7 7. Qe2 Nd5 8.
h4 Qe6 9. Nd2 a5 10. g3 Ba6 11. c4 Nb6 12. b3 Bb4 13. Bh3 Qe7 14. O-O O-O 15.
Ne4 Rae8 16. Bb2 d5 17. Nf6+ Qxf6 18. Qc2 Qe7 19. Rfd1 dxc4 20. bxc4 Bc8 21. Bg2
Be6 22. Rd4 Rd8 23. Be4 h6 24. Bh7+ Kh8 25. Bd3 Rxd4 26. Bxd4 Rd8 27. Bb2 Bc5
28. Qe2 Qd7 29. Bc2 Qd2 30. Rd1 Bxf2+ 31. Qxf2 Qxf2+ 32. Kxf2 Rxd1 33. Bxd1 Bxc4
34. a4 Nd5 35. Kf3 Kg8 36. Ke4 Kf8 37. Kd4 Ba6 38. Bf3 Ke7 39. Bxd5 cxd5 40.
Kxd5 Kd7 41. Bc3 Bb7+ 42. Kc5 Bc6 43. Bxa5 Bxa4 44. Bc3 Ke6 45. Kd4 Kf5 46. Ke3
Kg4 47. Kf2 g6 48. Bd2 h5 49. Bf4 Kf5 50. Ke3 Bd7 51. Kd4 f6 1/2-1/2

[Event "PRO League Group Stage"]
[Site "chess.com INT"]
[Date "2019.01.16"]
[Round "2"]
[White "Mitkov, Nikola"]
[Black "Yoo, Christopher Woojin"]
[Result "1-0"]
[WhiteTitle "GM"]
[BlackTitle "FM"]
[WhiteElo "2477"]
[BlackElo "2388"]
[WhiteTeam "Minnesota Blizzard"]
[BlackTeam "San Jose Hackers"]
[WhiteFideId "15000290"]
[BlackFideId "30909694"]
[EventDate "2019.01.08"]

1. e4 c5 2. Nc3 Nc6 3. Bb5 Nd4 4. Nf3 Nxb5 5. Nxb5 d6 6. d4 a6 7. Nc3 cxd4 8.
Qxd4 Nf6 9. Bg5 e6 10. O-O-O Be7 11. e5 dxe5 12. Qxe5 Qb6 13. Ne4 Nxe4 14. Bxe7
Kxe7 15. Qxe4 Bd7 16. Ne5 Be8 17. Rd3 Rd8 18. Rxd8 Kxd8 19. Nc4 Qc7 20. Qd4+ Ke7
21. Qxg7 Qf4+ 22. Ne3 Rf8 23. Qc3 Bc6 24. Qc5+ Ke8 25. Rd1 f5 26. Rd2 Kf7 27. g3
Qe4 28. Nc4 Kg8 29. b3 Bd5 30. Ne3 Bc6 31. Kb2 h6 32. Nc4 Bd5 33. Ne3 Bc6 34.
Rd4 Qf3 35. Qe7 Re8 36. Qf6 Qxf2 37. Qg6+ Kf8 38. Qf6+ Kg8 39. Qg6+ Kf8 40.
Qxh6+ Kf7 41. Qh7+ Kf8 42. Qh6+ Kf7 43. g4 e5 44. Rd6 Re7 45. Nxf5 Be4 46. Qf6+
Kg8 47. Nxe7+ 1-0

[Event "PRO League Group Stage"]
[Site "chess.com INT"]
[Date "2019.01.16"]
[Round "2"]
[White "Yu, Yangyi"]
[Black "Bryant, John Daniel"]
[Result "1-0"]
[WhiteTitle "GM"]
[BlackTitle "IM"]
[WhiteElo "2764"]
[BlackElo "2449"]
[WhiteTeam "Chengdu Pandas"]
[BlackTeam "San Diego Surfers"]
[WhiteFideId "8603820"]
[BlackFideId "2031280"]
[EventDate "2019.01.08"]

1. Nf3 Nf6 2. c4 g6 3. Nc3 Bg7 4. g3 O-O 5. d4 d5 6. cxd5 Nxd5 7. Bg2 c5 8. O-O
cxd4 9. Nxd4 Nxc3 10. bxc3 Nc6 11. Be3 Bd7 12. Rb1 Qc8 13. Qb3 b6 14. Rfd1 Rb8
15. Qa3 Rb7 16. Nb5 Bh3 17. Bh1 Rd7 18. c4 Na5 19. Nxa7 Rfd8 20. Rxd7 Qxd7 21.
Qd3 Qe8 22. Qc2 Bd4 23. Bh6 Qd7 24. Nb5 Bc5 25. Bd5 e6 26. Bg2 Bxg2 27. Kxg2 Bf8
28. Bxf8 Rxf8 29. Qe4 Rc8 30. Rc1 h5 31. h4 Rc5 32. Rc3 Nxc4 33. a4 Nd6 34. Qa8+
Qc8 35. Qxc8+ Rxc8 36. Rxc8+ Nxc8 37. Kf3 f6 38. Ke4 Kf7 39. Kd4 Ke7 40. e4 Nd6
41. e5 fxe5+ 42. Kxe5 Nf7+ 43. Kd4 g5 44. hxg5 Nxg5 45. Na7 Kd6 46. Nc8+ Kc7 47.
Ne7 Kd6 48. Ng6 e5+ 49. Nxe5 Ne6+ 50. Ke4 Nc5+ 51. Kf5 Nxa4 52. f4 1-0

[Event "PRO League Group Stage"]
[Site "chess.com INT"]
[Date "2019.01.16"]
[Round "2"]
[White "Li, Chao b"]
[Black "Kiewra, Keaton"]
[Result "1-0"]
[WhiteTitle "GM"]
[BlackTitle "IM"]
[WhiteElo "2699"]
[BlackElo "2362"]
[WhiteTeam "Chengdu Pandas"]
[BlackTeam "San Diego Surfers"]
[WhiteFideId "8604436"]
[BlackFideId "2019280"]
[EventDate "2019.01.08"]

1. b3 e5 2. Bb2 Nc6 3. e3 Nf6 4. Bb5 e4 5. Ne2 a6 6. Bxc6 bxc6 7. O-O d5 8. d3
Bf5 9. Ng3 Bg6 10. dxe4 Nxe4 11. Nxe4 Bxe4 12. Nd2 Bg6 13. Re1 Bd6 14. e4 O-O
15. e5 Be7 16. Nf3 c5 17. Qd2 c6 18. e6 Bf6 19. Bxf6 Qxf6 20. exf7+ Rxf7 21. Ne5
Re7 22. Nxg6 Rxe1+ 23. Rxe1 hxg6 24. Qe3 d4 25. Qe6+ Qxe6 26. Rxe6 a5 27. Kf1 a4
28. Ke2 c4 29. bxc4 Rb8 30. Rxc6 Rb2 31. Kd3 Rxa2 32. Rxg6 a3 33. Ra6 Kf7 34. h4
Ke7 35. Kxd4 Rxc2 36. Rxa3 Rxf2 37. g3 Rg2 38. Ra7+ Kf6 39. Ra3 Ke6 40. Kc5 Ke5
41. Re3+ Kf5 42. Kd6 1-0

[Event "PRO League Group Stage"]
[Site "chess.com INT"]
[Date "2019.01.16"]
[Round "2"]
[White "Dreev, Aleksey"]
[Black "Chu, Wei Chao"]
[Result "1-0"]
[WhiteTitle "GM"]
[BlackTitle "IM"]
[WhiteElo "2670"]
[BlackElo "2373"]
[WhiteTeam "San Diego Surfers"]
[BlackTeam "Chengdu Pandas"]
[WhiteFideId "4100107"]
[BlackFideId "8605661"]
[EventDate "2019.01.08"]

1. d4 Nf6 2. Nf3 g6 3. g3 Bg7 4. Bg2 O-O 5. O-O d6 6. Nc3 c5 7. dxc5 dxc5 8.
Qxd8 Rxd8 9. Be3 Na6 10. Rfd1 Bf5 11. Ne5 Rxd1+ 12. Rxd1 Rb8 13. Rd2 h6 14. h3
g5 15. a3 Be6 16. f4 Nh5 17. Kf2 gxf4 18. gxf4 Bf6 19. Nd5 Bh4+ 20. Kg1 Ng7 21.
Nf3 Bxd5 22. Rxd5 Bf6 23. Ne5 Nf5 24. Bf2 Nd4 25. Nd7 Rc8 26. Nxf6+ exf6 27.
Bxd4 cxd4 28. Be4 Nc5 29. Bf5 Ne6 30. Kf2 Rc7 31. Bxe6 fxe6 32. Rxd4 Rxc2 33.
Rd8+ Kf7 34. Rd7+ Kg6 35. Rxb7 a5 36. Rb6 Kf5 37. Kf3 e5 38. e4+ 1-0

[Event "PRO League Group Stage"]
[Site "chess.com INT"]
[Date "2019.01.16"]
[Round "2"]
[White "Brown, Michael William"]
[Black "Gu, Xiaobing"]
[Result "1-0"]
[WhiteTitle "IM"]
[BlackTitle "WGM"]
[WhiteElo "2524"]
[BlackElo "2326"]
[WhiteTeam "San Diego Surfers"]
[BlackTeam "Chengdu Pandas"]
[WhiteFideId "2037602"]
[BlackFideId "8602611"]
[EventDate "2019.01.08"]

1. d4 Nf6 2. c4 g6 3. Nc3 Bg7 4. e4 d6 5. Nf3 O-O 6. Be2 e5 7. Be3 exd4 8. Nxd4
Re8 9. f3 Nc6 10. Nc2 Nh5 11. O-O Be5 12. Qd2 Qh4 13. f4 Bxc3 14. Qxc3 Rxe4 15.
Bf3 Re8 16. Rae1 Bf5 17. Nd4 Nxd4 18. Qxd4 c6 19. Bxh5 Qxh5 20. Bd2 Bg4 21. h3
Be2 22. Rf2 f6 23. Qxf6 Bxc4 24. Rxe8+ Rxe8 25. Bc3 Qh6 26. f5 Re5 27. fxg6 hxg6
28. Qd8+ Kh7 29. Qc7+ Qg7 30. Qxd6 Rd5 31. Qf4 Rd1+ 32. Kh2 Qe7 33. Qxc4 Qd6+
34. g3 Rd5 35. Qh4+ Rh5 36. Rf7+ Kg8 37. Qe7 Qxe7 38. Rxe7 Rb5 39. Rg7+ Kf8 40.
Rxg6 Rd5 41. h4 b5 42. Rxc6 Kf7 43. Rc7+ 1-0

[Event "PRO League Group Stage"]
[Site "chess.com INT"]
[Date "2019.01.16"]
[Round "2"]
[White "Mikhalevski, Victor"]
[Black "Holt, Conrad"]
[Result "1-0"]
[WhiteTitle "GM"]
[BlackTitle "GM"]
[WhiteElo "2581"]
[BlackElo "2548"]
[WhiteTeam "Seattle Sluggers"]
[BlackTeam "Dallas Destiny"]
[WhiteFideId "2801914"]
[BlackFideId "2034387"]
[EventDate "2019.01.08"]

1. d4 d5 2. c4 c6 3. cxd5 cxd5 4. Bg5 h6 5. Bh4 Qb6 6. Nc3 e6 7. Qd2 Ne7 8. f3
Nbc6 9. Bf2 Nf5 10. O-O-O Bb4 11. e4 Nfe7 12. a3 Na5 13. Kb1 Nb3 14. Qc2 Bxc3
15. Qxc3 Bd7 16. Bd3 Rc8 17. Qb4 Qxb4 18. axb4 Nc6 19. Bc2 Nbxd4 20. Bxd4 Nxb4
21. Bb3 dxe4 22. Ne2 Bb5 23. Nc1 exf3 24. gxf3 O-O 25. Rhg1 g6 26. Bf6 Rfe8 27.
Rd4 a5 28. Rh4 Kh7 29. Bc3 Rc5 30. Rf4 Kg8 31. Bxb4 axb4 32. Rxb4 Rec8 33. Rd1
Bc6 34. f4 Bf3 35. Rf1 Bg4 36. Na2 Be2 37. Re1 Bd3+ 38. Ka1 R8c7 39. Rd4 Bc2 40.
Re3 Rh5 41. Bxc2 Rxc2 42. h3 Rh2 43. Nc3 R2xh3 44. Ree4 Ra5+ 45. Kb1 Rf3 46. Rb4
h5 47. Rxb7 h4 48. f5 Raxf5 49. Rxh4 g5 50. Rc4 R3f4 51. Rc8+ Kg7 52. Rbb8 g4
53. Rg8+ Kf6 54. Rb7 Rc5 55. Kc2 Ke5 56. b4 Rcc4 57. Kb3 f5 58. Rb6 Rc7 59. Rg6
Re7 60. b5 Rf3 61. Kb4 g3 62. Rc6 f4 63. Rc5+ Kd6 64. Ne4+ Kd7 65. Nf6+ Kd6 66.
Ne4+ Kd7 67. b6 Re3 68. Rc7+ Ke8 69. Nd6+ Kf8 70. Rc8+ Re8 71. Rxe8# 1-0

[Event "PRO League Group Stage"]
[Site "chess.com INT"]
[Date "2019.01.16"]
[Round "2"]
[White "Preotu, Razvan"]
[Black "Feng, Roland"]
[Result "0-1"]
[WhiteTitle "GM"]
[BlackTitle "FM"]
[WhiteElo "2524"]
[BlackElo "2334"]
[WhiteTeam "Dallas Destiny"]
[BlackTeam "Seattle Sluggers"]
[WhiteFideId "2613280"]
[BlackFideId "2060086"]
[EventDate "2019.01.08"]

1. e4 e6 2. d4 d5 3. Nc3 Nf6 4. e5 Nfd7 5. f4 c5 6. Nf3 Nc6 7. Be3 a6 8. Qd2
cxd4 9. Nxd4 Nxd4 10. Bxd4 Bc5 11. O-O-O O-O 12. h4 Qc7 13. h5 b5 14. Re1 b4 15.
Na4 Bxd4 16. Qxd4 a5 17. Kb1 Ba6 18. Bxa6 Rxa6 19. Re2 Rc6 20. b3 Rc8 21. Rc1
Nc5 22. Nxc5 Rxc5 23. g4 a4 24. f5 axb3 25. axb3 Ra8 26. c3 bxc3 27. Ra2 Rb8 28.
Kc2 Rcb5 29. Ra3 h6 30. fxe6 fxe6 31. Rf1 Rb4 32. Ra7 R4b7 33. Rxb7 Qxb7 34. Rb1
Rc8 35. Ra1 Qb5 36. Re1 Qa6 37. Rd1 Qa2+ 38. Kd3 c2 39. Rc1 Qxb3+ 40. Kd2 Rc4
41. Qa7 Qc3+ 0-1

[Event "PRO League Group Stage"]
[Site "chess.com INT"]
[Date "2019.01.16"]
[Round "2"]
[White "Zhu, Jiner"]
[Black "Irgaliyev, Alikhan"]
[Result "1-0"]
[WhiteTitle "WIM"]
[WhiteElo "2424"]
[BlackElo "2191"]
[WhiteTeam "Dallas Destiny"]
[BlackTeam "Seattle Sluggers"]
[WhiteFideId "8608059"]
[BlackFideId "13705610"]
[EventDate "2019.01.08"]

1. e4 d6 2. d4 Nf6 3. Nc3 e5 4. Nf3 Nbd7 5. g4 Nxg4 6. Rg1 exd4 7. Nxd4 Nde5 8.
h3 Nf6 9. f4 Nc6 10. Be3 Nxd4 11. Bxd4 c5 12. Be3 g6 13. Qd2 Bd7 14. O-O-O Bc6
15. f5 Be7 16. Qh2 O-O 17. e5 Qa5 18. exf6 Bxf6 19. fxg6 Bxc3 20. gxh7+ Kh8 21.
bxc3 Qxc3 22. Bd3 c4 23. Qf4 Qa3+ 24. Kd2 Qa5+ 25. c3 cxd3 26. Qf6+ 1-0

[Event "PRO League Group Stage"]
[Site "chess.com INT"]
[Date "2019.01.16"]
[Round "2"]
[White "Gozzoli, Yannick"]
[Black "Sarana, Alexey"]
[Result "0-1"]
[WhiteTitle "GM"]
[BlackTitle "GM"]
[WhiteElo "2630"]
[BlackElo "2630"]
[WhiteTeam "San Francisco Mechanics"]
[BlackTeam "Australia Kangaroos"]
[WhiteFideId "616915"]
[BlackFideId "24133795"]
[EventDate "2019.01.08"]

1. d4 Nf6 2. Nf3 e6 3. c4 d5 4. Nc3 Bb4 5. cxd5 exd5 6. Bg5 O-O 7. e3 Nbd7 8.
Be2 Re8 9. O-O c6 10. Qc2 Nf8 11. Ne5 Ng6 12. f4 h6 13. Nxg6 fxg6 14. Qxg6 Rxe3
15. Bxh6 Qe7 16. Bf3 Qf7 17. Qxf7+ Kxf7 18. Bg5 Bf5 19. Bxf6 gxf6 20. Kf2 Rd3
21. Rad1 Bxc3 22. bxc3 Rxc3 23. Rd2 Be4 24. Be2 b5 25. h4 f5 26. g3 a5 27. Rb2
b4 28. Bd1 Rd3 29. Be2 Rc3 30. Bd1 Kf6 31. Re1 Rc8 32. Be2 c5 33. dxc5 d4 34.
Rd1 d3 35. Bf1 Rc2+ 36. Rd2 R8xc5 37. Ke3 R5c3 38. g4 Rxb2 39. Rxb2 d2+ 40. Kxd2
fxg4 0-1

[Event "PRO League Group Stage"]
[Site "chess.com INT"]
[Date "2019.01.16"]
[Round "2"]
[White "Naroditsky, Daniel"]
[Black "Smirnov, Anton"]
[Result "1-0"]
[WhiteTitle "GM"]
[BlackTitle "GM"]
[WhiteElo "2616"]
[BlackElo "2569"]
[WhiteTeam "San Francisco Mechanics"]
[BlackTeam "Australia Kangaroos"]
[WhiteFideId "2026961"]
[BlackFideId "3208923"]
[EventDate "2019.01.08"]

1. d4 d5 2. Bf4 Nf6 3. e3 e6 4. Nf3 c5 5. Nbd2 Nc6 6. c3 cxd4 7. exd4 Nh5 8. Be3
Bd6 9. Ne5 g6 10. g4 Nf6 11. f4 Nd7 12. Qf3 f6 13. Nxd7 Bxd7 14. Bd3 Qe7 15.
O-O-O O-O-O 16. Kb1 e5 17. fxe5 fxe5 18. Qxd5 Bxg4 19. Rde1 Be6 20. Qg2 Qf7 21.
a3 exd4 22. cxd4 Bd5 23. Ne4 Kb8 24. Nxd6 Rxd6 25. Qg3 Rd8 26. Rhf1 Qc7 27. Bf4
a6 28. Re8 1-0

[Event "PRO League Group Stage"]
[Site "chess.com INT"]
[Date "2019.01.16"]
[Round "2"]
[White "Ly, Moulthun"]
[Black "Ezra, Paul Chambers"]
[Result "1-0"]
[WhiteTitle "GM"]
[BlackTitle "FM"]
[WhiteElo "2486"]
[BlackElo "2360"]
[WhiteTeam "Australia Kangaroos"]
[BlackTeam "San Francisco Mechanics"]
[WhiteFideId "3204405"]
[BlackFideId "20300204"]
[EventDate "2019.01.08"]

1. d4 Nf6 2. Bf4 d5 3. e3 e6 4. Nd2 c5 5. c3 Nc6 6. Ngf3 cxd4 7. exd4 Nh5 8. Be3
Bd6 9. Ne5 g6 10. g4 Ng7 11. h4 Nxe5 12. dxe5 Bxe5 13. Nf3 Bf6 14. h5 O-O 15.
Qd2 d4 16. cxd4 b6 17. hxg6 fxg6 18. Rh3 Bb7 19. Be2 Rc8 20. Ne5 Be4 21. Rc1
Rxc1+ 22. Qxc1 Qe7 23. a3 Qb7 24. Bg5 Qe7 25. Bxf6 Qxf6 26. Qe3 Bd5 27. Nd7 Qe7
28. Nxf8 Qxf8 29. Qh6 Qf6 30. Qxh7+ Kf7 31. Rc3 Qf4 32. Qh4 g5 33. Qg3 Qxd4 34.
Rc7+ Kg6 35. Qd3+ Qxd3 36. Bxd3+ Kf6 37. Rxa7 e5 38. Ra6 Ne6 39. Rxb6 1-0

[Event "PRO League Group Stage"]
[Site "chess.com INT"]
[Date "2019.01.16"]
[Round "2"]
[White "Song, Raymond"]
[Black "Zierk, Steven"]
[Result "1/2-1/2"]
[WhiteTitle "FM"]
[BlackTitle "GM"]
[WhiteElo "2329"]
[BlackElo "2510"]
[WhiteTeam "Australia Kangaroos"]
[BlackTeam "San Francisco Mechanics"]
[WhiteFideId "3203824"]
[BlackFideId "2034255"]
[EventDate "2019.01.08"]

1. e4 e6 2. d4 d5 3. Nc3 Bb4 4. e5 c5 5. Bd2 Ne7 6. a3 Bxc3 7. Bxc3 cxd4 8. Qxd4
Nf5 9. Qg4 h5 10. Qh3 Qg5 11. Nf3 Qg4 12. Qxg4 hxg4 13. Nd4 Nc6 14. O-O-O Ncxd4
15. Bxd4 Nh4 16. Rg1 Nf5 17. Be2 Rxh2 18. Bxg4 Nxd4 19. Rxd4 Rh4 20. g3 Rh2 21.
f4 Bd7 22. Rd2 Rh6 23. Be2 Ke7 24. Bd3 Rah8 25. Rdd1 Rh2 26. Rdf1 a6 27. b3 Bb5
28. Bxb5 axb5 29. Rd1 Ra8 30. Rd2 Rxd2 31. Kxd2 Rxa3 32. Kc3 f6 33. exf6+ gxf6
34. Rh1 Kd6 35. g4 Ra8 36. Rh6 Rc8+ 37. Kb4 Rxc2 38. Rxf6 Ke7 39. Rg6 Rg2 40.
Kxb5 Rg3 41. b4 d4 42. Kc4 d3 43. Kc3 Kf7 44. f5 exf5 45. gxf5 Rf3 46. Rb6 Rxf5
47. Kxd3 Ke7 48. Rxb7+ Kd6 49. Kc4 Kc6 50. Rh7 Rf4+ 51. Kb3 Kb6 52. Ka4 Rf6 53.
Rg7 Rh6 1/2-1/2

[Event "PRO League Group Stage"]
[Site "chess.com INT"]
[Date "2019.01.16"]
[Round "2"]
[White "Corrales Jimenez, Fidel"]
[Black "Mamedov, Rauf"]
[Result "0-1"]
[WhiteTitle "GM"]
[BlackTitle "GM"]
[WhiteElo "2559"]
[BlackElo "2703"]
[WhiteTeam "Minnesota Blizzard"]
[BlackTeam "San Jose Hackers"]
[WhiteFideId "3506690"]
[BlackFideId "13401653"]
[EventDate "2019.01.08"]

1. e4 c5 2. Nf3 Nc6 3. d4 cxd4 4. Nxd4 g6 5. c4 Bg7 6. Be3 Qb6 7. Nb3 Qd8 8. Qd2
d6 9. Nc3 Nf6 10. f3 O-O 11. Be2 a5 12. a4 Be6 13. Rc1 Nd7 14. Nd5 b6 15. O-O
Nc5 16. Nxc5 bxc5 17. Nc3 Nd4 18. Qd1 Rb8 19. Nb5 Nxb5 20. axb5 Bxb2 21. Rc2 Bg7
22. Qd2 a4 23. Ra2 Ra8 24. Qc2 a3 25. Bc1 f5 26. exf5 Bxf5 27. Bd3 Bd4+ 28. Kh1
e5 29. Be4 Bxe4 30. Qxe4 d5 31. cxd5 Qd7 32. Rxa3 Qxb5 33. Re1 Rxa3 34. Bxa3 Qb3
35. Bc1 Rd8 36. Bg5 Rxd5 37. Qg4 Qb6 38. h4 Kg7 39. h5 h6 40. Bh4 Bc3 41. Re4
Rd1+ 42. Kh2 c4 43. Bg3 Bd4 44. Bxe5+ Bxe5+ 45. Rxe5 g5 46. f4 Qg1+ 47. Kh3 Rd3+
48. Qg3 Qh1+ 49. Kg4 Rxg3+ 50. Kxg3 Qh4+ 0-1

[Event "PRO League Group Stage"]
[Site "chess.com INT"]
[Date "2019.01.16"]
[Round "2"]
[White "Tang, Andrew"]
[Black "Izoria, Zviad"]
[Result "1-0"]
[WhiteTitle "GM"]
[BlackTitle "GM"]
[WhiteElo "2487"]
[BlackElo "2603"]
[WhiteTeam "Minnesota Blizzard"]
[BlackTeam "San Jose Hackers"]
[WhiteFideId "2059630"]
[BlackFideId "13601733"]
[EventDate "2019.01.08"]

1. d4 Nf6 2. c4 e6 3. Nc3 Bb4 4. Qc2 O-O 5. Nf3 c5 6. dxc5 Na6 7. g3 Nxc5 8. Bg2
b6 9. O-O Bb7 10. Nb5 Be4 11. Qd1 Nb7 12. a3 Be7 13. Bf4 a6 14. Nc3 Bc6 15. b4
Ne4 16. Nxe4 Bxe4 17. Qb3 d6 18. Rfd1 Qc7 19. Rac1 Rac8 20. Qe3 Bg6 21. Qd2 Be4
22. Bh3 h6 23. Qb2 Bf6 24. Qb3 Rfd8 25. Nd2 Bc6 26. Nb1 Be8 27. Bg2 Bc6 28. Bh3
Be8 29. Rc2 b5 30. Rdc1 bxc4 31. Rxc4 Qb8 32. Bxe6 Rxc4 33. Bxc4 Rc8 34. Nc3
Bxc3 35. Qxc3 g5 36. Bxf7+ 1-0

[Event "PRO League Group Stage"]
[Site "chess.com INT"]
[Date "2019.01.16"]
[Round "2"]
[White "Yoo, Christopher Woojin"]
[Black "Beerdsen, Thomas"]
[Result "0-1"]
[WhiteTitle "FM"]
[BlackTitle "IM"]
[WhiteElo "2388"]
[BlackElo "2484"]
[WhiteTeam "San Jose Hackers"]
[BlackTeam "Minnesota Blizzard"]
[WhiteFideId "30909694"]
[BlackFideId "1030108"]
[EventDate "2019.01.08"]

1. e4 e5 2. Nf3 Nc6 3. Bb5 f5 4. d3 fxe4 5. dxe4 Nf6 6. O-O d6 7. Nc3 Be7 8. Bc4
Na5 9. Be2 O-O 10. b4 Nc6 11. b5 Nb8 12. h3 Kh8 13. Be3 Be6 14. Nd2 Qe8 15. Bc4
Bxc4 16. Nxc4 Nbd7 17. Kh2 Qg6 18. Qd3 Rf7 19. Rae1 Raf8 20. f4 exf4 21. Rxf4
Ne5 22. Nxe5 dxe5 23. Rff1 Bb4 24. Bd2 Rd7 25. Qe3 Rfd8 26. Nd5 Bxd2 27. Qxd2 c6
28. c4 cxd5 29. exd5 e4 30. Re3 Qh6 31. Kg1 Qg5 32. Qd4 b6 33. g4 h6 34. Rf5 Qh4
35. Qe5 Re8 36. Qh2 Rc8 37. Qe2 Rdc7 38. Rc3 Nh7 39. Kg2 Qe7 40. a3 Rf8 41.
Rxf8+ Nxf8 42. Re3 Ng6 43. Kh1 Qh4 44. Qf1 Ne5 45. Rxe4 Rf7 46. Qg2 Rf2 47. Rxe5
Rxg2 48. Kxg2 Qf6 49. Re4 Qb2+ 50. Kf3 Qxa3+ 51. Kf4 Qxh3 52. Ke5 Kg8 53. d6 Kf7
54. Rd4 Qe3+ 55. Kd5 Qf3+ 56. Ke5 Ke8 57. Rf4 Qc3+ 58. Kd5 Qd3+ 59. Kc6 Qg6 60.
Rf5 Qe6 61. Kc7 Qxc4+ 62. Kb8 Kd7 63. Kxa7 Kxd6 64. Kxb6 Qxg4 65. Rf7 Qg1+ 66.
Ka6 Qa1+ 67. Kb6 g5 68. Rh7 Qf6 69. Ka7 Kc5 70. Rb7 g4 71. b6 Kb5 72. Rb8 g3 73.
Rg8 Qxb6+ 74. Ka8 Qc6+ 75. Ka7 Qc5+ 76. Kb8 Qe5+ 77. Ka7 Qg5 78. Rb8+ Kc4 79.
Rc8+ Qc5+ 80. Kb7 Qxc8+ 81. Kxc8 h5 82. Kd7 h4 83. Ke6 g2 84. Kf5 g1=Q 85. Kf4
h3 86. Kf3 h2 87. Ke2 h1=Q 0-1

[Event "PRO League Group Stage"]
[Site "chess.com INT"]
[Date "2019.01.16"]
[Round "2"]
[White "Ravuri, Vinesh"]
[Black "Mitkov, Nikola"]
[Result "0-1"]
[BlackTitle "GM"]
[WhiteElo "2042"]
[BlackElo "2477"]
[WhiteTeam "San Jose Hackers"]
[BlackTeam "Minnesota Blizzard"]
[WhiteFideId "45042632"]
[BlackFideId "15000290"]
[EventDate "2019.01.08"]

1. d4 d5 2. c4 e6 3. Nf3 Nf6 4. g3 dxc4 5. Bg2 Nc6 6. Qa4 Bd7 7. Qxc4 Na5 8. Qd3
c5 9. O-O Bc6 10. Nc3 Be7 11. Rd1 O-O 12. e4 Qb6 13. d5 exd5 14. exd5 Nxd5 15.
Nxd5 Bxd5 16. Qe2 Bxf3 17. Qxf3 Rad8 18. Bd2 Nc6 19. Bc3 Rxd1+ 20. Rxd1 Rd8 21.
Re1 Bf8 22. h4 Qc7 23. h5 h6 24. Qf5 Qc8 25. Qe4 Qd7 26. Bf1 Qd5 27. Qxd5 Rxd5
28. Bg2 Rxh5 29. Bxc6 bxc6 30. Re8 Rd5 31. Rc8 Rd7 32. Rxc6 f6 33. a4 Kf7 34. a5
Bd6 35. Rc8 Ke6 36. Kg2 Kd5 37. Kf3 Re7 38. Kg4 Be5 39. Bxe5 fxe5 40. Rb8 Rf7
41. Rd8+ Kc4 42. Rd2 e4 43. Kh5 Rf6 44. g4 Rf4 45. g5 Rf5 46. Kg4 Rxg5+ 47. Kf4
Rd5 48. Re2 Rd7 49. Kf5 Kd3 50. Re1 Rf7+ 0-1

[Event "PRO League Group Stage"]
[Site "chess.com INT"]
[Date "2019.01.16"]
[Round "2"]
[White "Brown, Michael William"]
[Black "Yu, Yangyi"]
[Result "0-1"]
[WhiteTitle "IM"]
[BlackTitle "GM"]
[WhiteElo "2524"]
[BlackElo "2764"]
[WhiteTeam "San Diego Surfers"]
[BlackTeam "Chengdu Pandas"]
[WhiteFideId "2037602"]
[BlackFideId "8603820"]
[EventDate "2019.01.08"]

1. d4 d5 2. c4 e6 3. Nc3 c6 4. Nf3 Nf6 5. e3 Nbd7 6. Qc2 Bd6 7. b3 O-O 8. Bb2 b6
9. Bd3 Bb7 10. O-O c5 11. cxd5 exd5 12. Rad1 Rc8 13. Bf5 c4 14. bxc4 Rxc4 15.
Nd2 Rc7 16. Qb3 a6 17. e4 dxe4 18. Ndxe4 Nxe4 19. Bxe4 Rxc3 20. Bxh7+ Kxh7 21.
Qxc3 Qh4 22. g3 Qe4 23. f3 Qd5 24. Ba3 Bxa3 25. Qxa3 Re8 26. Rf2 Kg8 27. Kg2 b5
28. Rd3 Nb6 29. Qc5 Nc4 30. Qxd5 Bxd5 31. g4 b4 32. Kg3 a5 33. h4 a4 34. h5 Rb8
35. Kf4 f6 36. Rd1 b3 37. axb3 axb3 38. Rb1 b2 39. g5 fxg5+ 40. Kxg5 Rb3 41. Rc2
Kh7 42. Kh4 Rxf3 43. Rxc4 Bxc4 44. Rxb2 Rf4+ 45. Kg5 Rxd4 46. Rh2 Be6 47. Rg2
Rd5+ 48. Kh4 Bf7 0-1